[Event "Fyli op 2nd"]
[Site "Fyli"]
[Date "2011.05.27"]
[Round "6"]
[White "Derka, Lulzim"]
[Black "Spyropoulos, Athanasios"]
[Result "1-0"]
[WhiteElo "1000"]
[BlackElo "1270"]
[PlyCount "120"]
[EventDate "2011.04.15"]
[EventType "swiss"]
[EventRounds "7"]
[EventCountry "GRE"]
[SourceTitle "EXT 2013"]
[Source "ChessBase"]
[SourceDate "2012.11.22"]
[SourceVersion "1"]
[SourceVersionDate "2012.11.22"]
[SourceQuality "1"]

1. e4 d5 2. exd5 Qxd5 3. Nc3 Qa5 4. Nf3 Bf5 5. Be2 Nf6 6. 0-0 e6 7. b3 Bd6 8. Bb2 c6 9. a3 Nbd7 10. d4 0-0 11. Bd3 Rae8 12. Re1 Bg4 13. h3 Bxf3 14. Qxf3 e5 15. Ne4 exd4 16. b4 Qe5 17. Nxf6+ Qxf6 18. Qxf6 Nxf6 19. Bxd4 Nd5 20. g3 b6 21. Kf1 c5 22. bxc5 bxc5 23. Bb2 Nb6 24. Bb5 Rb8 25. Be5 Bxe5 26. Rxe5 Rfc8 27. Rae1 Kf8 28. c4 Ra8 29. Re7 a6 30. Bd7 Rd8 31. Bc6 Rab8 32. Bb7 Nxc4 33. Bxa6 Nd2+ 34. Kg2 Re8 35. Rxe8+ Rxe8 36. Rc1 Re5 37. Bb5 Ke7 38. a4 Re4 39. Rxc5 Nb3 40. Rc7+ Kf6 41. h4 Nd4 42. Bd3 Re5 43. Bc4 Re7 44. Rxe7 Kxe7 45. a5 Nc6 46. a6 f6 47. f4 Kd6 48. Kf3 h6 49. h5 Kc7 50. Ke4 Ne7 51. g4 Nc8 52. Be2 Nd6+ 53. Kd5 f5 54. gxf5 Nxf5 55. Ke5 Nh4 56. f5 Kb6 57. Ke6 Ka7 58. Bg4 Kxa6 59. Kf7 Ng2 60. Kxg7 Ne3 1-0